Music Quiz

Random Music Quiz
Score 0/15 Timer 10:00
0 Plays Today
Hint Answer % Correct
Bestow upon me magic wizard all knowing all wiseFive Magics
77.6%
My thinking is derailed and im falling through the tracksTrain of Consequences
75.7%
I will treat you like a dog, as I shoot my venom inThe Scorpion
68.2%
We live our lives as moles, in the dark of our...Dawn Patrol
65.4%
Let loose I don't f*ckin careRattlehead
61.7%
Did I give you concrete shoes and throw you off of a bridgeSleepwalker
59.8%
Simply drunk and having fun, looked for friends but I found nonOf Mice and Men
57.9%
Start kickin' ass, and taking down the namesCaptive Honor
50.5%
Hint Answer % Correct
When Kane struck down Abel, a family brokenTruth Be Told
47.7%
Tell them I'll call them back, yeah, tell them anything just get them off my backThe World Needs a Hero
45.8%
The air is thick but the oxygen's thin, my heart is beating like a drumDie Dead Enough
45.8%
Accountability, I live from check to checkMoto Psycho
40.2%
Step inside, you're in for a rideCrush 'Em
35.5%
I loved you and you still hated meNever Walk Alone... A Call to Arms
33.6%
I wish you pain and suffering, misery to spareWhen
33.6%
Remove Ads.
Support Sporcle.
Get the best of Sporcle when you Go Orange. This ad-free experience offers more features, more stats, and more fun while also helping to support Sporcle. Thank you for becoming a member.

You're not logged in!

Compare scores with friends on all Sporcle quizzes.
OR
Log In

Show Comments

Extras

Created Oct 24, 2013ReportNominate
Tags:Expert, megadeth

Top Quizzes Today


Score Distribution

Your Account Isn't Verified!

In order to create a playlist on Sporcle, you need to verify the email address you used during registration. Go to your Sporcle Settings to finish the process.

Report this User

Report this user for behavior that violates our Community Guidelines.

Details: